000 00697nam a2200217Ia 4500
999 _c35982
_d35982
001 1881
003 GE_BSU
005 20221007151831.0
008 181216s2004ru xx |||||||||||||| ||rus||
040 _cGE_BSU
041 _arus
080 _a004.738(075.8)+34(075.8) Р-24
100 _aРассопов, И. М.
_915150
245 _aИнтернет-право. для студ.высш.
_bучеб.завед. /
_cИ.М. Рассопов.
264 _aМоска :
_bЮнити,
_c2004.
300 _a143 с.:
_b 19 см.
653 _aИнтернет-право
653 _aინტერნეტის კანონი
653 _aსამართალი
942 _cBK
_2udc